000 00586cam a22002291 4500
001 sa 65003034
003 DLC
005 20260227112120.0
008 950308m19641965bg 000 0 beno
010 _asa 65003034
025 _aPL480:EP-B-738
035 _a(OCoLC)32110951
040 _aDLC
_cCU
_dCU
_dDLC
042 _apremarc
050 0 0 _aPK1704
_b.M3
100 1 _aManasurauddīna, Muhammada,
_d1904-1987.
245 1 0 _aBāṃlā sāhitye Musalima sādhanā.
260 _c[1964-65]
300 _a2 v.
_c19-22 cm.
500 _aIn Bengali.
650 0 _aAuthors, Bengali.
999 _c62934
_d62934